Ricette regionali - Statistics

Statistiche generali
  • Questo quiz è stato fatto 421 volte
  • Il punteggio medio è 13 su 20
Statistiche sulle risposte
Piatto Regione % Corretto
Arancini Sicilia
95%
Olive ascolane Marche
93%
Tortellini Emilia-Romagna
89%
Orecchiette alle cime di rapa Puglia
85%
Arrosticini Abruzzo
83%
Spaetzli Trentino-Alto Adige
81%
Ossobuco Lombardia
78%
Pasta alla gricia Lazio
74%
Bagna cauda Piemonte
74%
Impanadas Sardegna
73%
Canederli Trentino-Alto Adige
71%
Baccalà mantecato Veneto
68%
Cacciucco Toscana
64%
Pitta nchiusa Calabria
62%
Pasta alla norma Sicilia
61%
Sarde in saor Veneto
46%
Pasta alla genovese Campania
43%
Frico Friuli-Venezia Giulia
41%
Gattò di patate Campania
40%
Paniscia Piemonte
19%
Nessun quiz corrispondente trovato
Distribuzione punteggi
Percentuale di utenti per punteggio
Percentile per numero di risposta
I tuoi punteggi nel tempo
Non hai fatto questo quiz